Indian essential oils: A review (Record no. 21862)
[ view plain ]
| 000 -LEADER | |
|---|---|
| fixed length control field | 00269nam a2200109Ia 4500 |
| 082 ## - DEWEY DECIMAL CLASSIFICATION NUMBER | |
| Classification number | 665.52(540) |
| Item number | MEN |
| 100 ## - MAIN ENTRY--AUTHOR NAME | |
| Personal name | Menon, A K |
| 245 #0 - TITLE STATEMENT | |
| Title | Indian essential oils: A review |
| 260 ## - PUBLICATION, DISTRIBUTION, ETC. (IMPRINT) | |
| Place of publication | Delhi |
| Name of publisher | CSIR |
| Year of publication | 1960 |
| 942 ## - ADDED ENTRY ELEMENTS (KOHA) | |
| Koha item type | Books |
| Withdrawn status | Lost status | Damaged status | Not for loan | Home library | Current library | Date acquired | Full call number | Accession Number | Koha item type |
|---|---|---|---|---|---|---|---|---|---|
| RRII Library | RRII Library | 16/12/2021 | 665.52(540) MEN | 02579 | Books |